Angielski 7 - Statystyki

Ogólne statystyki
  • Ten quiz został rozwiązany 47 razy
  • Średni wynik to 19 z 98
Statystyki odpowiedzi
Hint Odpowiedź % Poprawnych
ręka hand
84%
księżyc moon
65%
wirus virus
58%
astronauta astronaut
56%
niebezpieczny dangerous
56%
ziemia earth
56%
haker hacker
53%
system system
51%
szansa chance
49%
sen dream
49%
spam spam
49%
oddychać breathe
44%
sławny famous
44%
materiał material
44%
mieszać mix
44%
przygoda adventure
42%
atmosfera, powietrze atmosphere
42%
badać, eksplorować explore
42%
grawitacja gravity
42%
planeta planet
40%
produkować produce
37%
wiesz co? you know what?
37%
zainteresowanie interest
33%
wszechświat universe
33%
asteroida asteroid
30%
uwaga attention
30%
inżynier engineer
30%
odpowiedzialny responsible
30%
satelita satellite
28%
układ słoneczny solar system
28%
ważyć weigh
28%
orbita orbit
26%
proszek powder
26%
wyposażenie equipment
23%
geolog geologist
23%
użyteczny useful
23%
laboratorium laboratory
21%
przyznawać admit
19%
analizować analyse
19%
warunki conditions
19%
odkrywać discover
19%
przeżyć survive
19%
pracowity hard-working
16%
naukowiec scientist
16%
zawierać contain
14%
piana foam
14%
wynalazek invention
14%
w większości, głównie mainly
14%
pocieszać wspierać support
14%
powierzchnia surface
14%
wartościowy, cenny valuable
14%
a ty? what about you?
14%
sprzeczka argument
12%
jechać na misje go on a mission
12%
ląd land
12%
stacja kosmiczna space station
12%
odkrycie discovery
9%
geograf geographer
9%
innowacyjny innovative
9%
fizyk physicist
9%
wymagający challenging
7%
przykleić się, przyczepić się stick
7%
astronom astronomer
5%
botanik botanist
5%
skuteczny effective
5%
unosić się w przestrzeni float in space
5%
na szczęście luckily
5%
ojej oops
5%
przenośny portable
5%
niezawodny, solidny reliable
5%
całkowicie, zupełnie completely
2%
oby, miejmy nadzieję hopefully
2%
to znaczy i mean
2%
oszustwo internetowe internet scam
2%
zaopatrzenie w wodę water supply
2%
nosić skafander kosmiczny wear a spacesuit
2%
Nigdy w to nie uwierzysz you'll never believe it
2%
i to wszystko and all that
0%
archeolog archaeologist
0%
być członkiem załogi be a member of the crew
0%
liczyć calculate
0%
awaria systemu komputerowego computer system failure
0%
dogodny, wygodny convenient
0%
opracować develep
0%
przeprowadzić badania do research into
0%
doświadczenie experiment
0%
badać investigate
0%
technik informatyk IT technician
0%
wodowanie, wystrzelenie, lansowanie launch
0%
przeprowadzać test run a test
0%
niestety sadly
0%
wahadłowiec space shuttle
0%
stanąć na księżycu step onto the moon
0%
z powodzeniem, pomyślnie successfully
0%
termometr theremometer
0%
podróżować na pokładzie statku kosmicznego travel on board a spaceship
0%
rzep velcro
0%
nadający się do noszenia wearable
0%
Nie znaleziono quizów pasujących do podanych kryteriów
Rozkład punktacji
Procent ludzi z każdym wynikiem
Percentyl według liczby udzielonych odpowiedzi
Twoja historia wyników
Nie rozwiązałeś tego quizu